000 00411nam a2200145Ia 4500
008 230917s9999||||xx |||||||||||||| ||und||
040 _e69512
_aMAIN
041 _aEnglish
082 _a667.9 M992T
100 _aMyers, Raymond R, ed.
245 0 _aTreatise on coatings 5V. V1: Film-forming compositions:3 parts
260 _aNew York
_bMarcel Dekker
_c1967
300 _axx, 563 and xi, 434 p.
942 _cBK
999 _c188697
_d188697